<?xml version="1.0" encoding="UTF-8"?>
<record
    xmlns:xsi="http://www.w3.org/2001/XMLSchema-instance"
    xsi:schemaLocation="http://www.loc.gov/MARC21/slim http://www.loc.gov/standards/marcxml/schema/MARC21slim.xsd"
    xmlns="http://www.loc.gov/MARC21/slim">

  <leader>01961nas a2200277Ia 4500</leader>
  <controlfield tag="001">R262-R4809</controlfield>
  <controlfield tag="003">IT-CnALBA</controlfield>
  <controlfield tag="008">170116c99999999xx ||||||||||||   ||und||</controlfield>
  <datafield tag="040" ind1=" " ind2=" ">
    <subfield code="a">IT-CnALBA</subfield>
    <subfield code="c">IT-CnALBA</subfield>
  </datafield>
  <datafield tag="041" ind1=" " ind2=" ">
    <subfield code="a">ITALIANO</subfield>
  </datafield>
  <datafield tag="100" ind1=" " ind2=" ">
    <subfield code="a">FILIPPI ALFIO</subfield>
  </datafield>
  <datafield tag="210" ind1=" " ind2=" ">
    <subfield code="a">IL REGNO</subfield>
  </datafield>
  <datafield tag="222" ind1=" " ind2=" ">
    <subfield code="a">IL REGNO</subfield>
  </datafield>
  <datafield tag="245" ind1=" " ind2="0">
    <subfield code="a">IL REGNO ATTUALIT&#xC0;. ATTUALIT&#xC0;E DOCUMENTI. 15 GENNAIO 1989. </subfield>
  </datafield>
  <datafield tag="250" ind1=" " ind2=" ">
    <subfield code="a">1a ed.</subfield>
  </datafield>
  <datafield tag="260" ind1=" " ind2=" ">
    <subfield code="a"> BOLOGNA - NAPOLI</subfield>
    <subfield code="b">DEHONIANE EDIZIONI </subfield>
    <subfield code="c">1989 [1&#xB0; Ed.:1989 - Ed.Ling.Originale: 1989]</subfield>
  </datafield>
  <datafield tag="300" ind1=" " ind2=" ">
    <subfield code="a">64 p. </subfield>
  </datafield>
  <datafield tag="310" ind1=" " ind2=" ">
    <subfield code="a">QUINDICINALE</subfield>
  </datafield>
  <datafield tag="362" ind1=" " ind2=" ">
    <subfield code="a">Fascicolo: 2 / Anno: 34 (1989)</subfield>
  </datafield>
  <datafield tag="500" ind1=" " ind2=" ">
    <subfield code="a">STEFANI P., PACELLA, MARIOTTI, BIANCHI, TURRINI, RIDOLFI, CELLI, STRAZZARI, RUSSO. POSTA DEI LETTORI. IL MANUALE DI TEOLOGIA. LETTERA DI ACQUAVIVA G.. AL DIRETTORE DEL REGNO. CHIESE IN ASSEMBLEA PER LA GIUSTIZIA E PACE. AGENDA VATICANA. CAMALDOLI EBRAISMO, COLLOQUI E AMICIZIA. USA VATICANO, BOCCIATO L'INSTRUMENTUM, STATO TEOLOGICO E GIURIDICO DELLE CONFERENZE EPISCOPALI. URSS, TAPPE DELLA RIFORMA POLITICA. NAMIBIA ANGOLA, IL GIORNO DELLA PACE. CUBA, DENUNCIA E MUTAMENTO. PRAGLIA, DIRITTI DELLO UOMO NELLA SOCIET&#xC0; E NELLA CHIESA. CONFERENZA NAZIONALE EMIGRAZIONE. </subfield>
  </datafield>
  <datafield tag="501" ind1=" " ind2=" ">
    <subfield code="a">Societ&#xE0; San Paolo EM - Piazza San Paolo, 14 - 12051 ALBA (CN)  (non commercial uses only) &#xAE; Copyright 2017</subfield>
  </datafield>
  <datafield tag="520" ind1=" " ind2=" ">
    <subfield code="a">STEFANI P., PACELLA, MARIOTTI, BIANCHI, TURRINI, RIDOLFI, CELLI, STRAZZARI, RUSSO. POSTA DEI LETTORI. IL MANUALE DI TEOLOGIA. LETTERA DI ACQUAVIVA G.. AL DIRETTORE DEL REGNO. CHIESE IN ASSEMBLEA PER LA GIUSTIZIA E PACE. AGENDA VATICANA. CAMALDOLI EBRAISMO, COLLOQUI E AMICIZIA. USA VATICANO, BOCCIATO L'INSTRUMENTUM, STATO TEOLOGICO E GIURIDICO DELLE CONFERENZE EPISCOPALI. URSS, TAPPE DELLA RIFORMA POLITICA. NAMIBIA ANGOLA, IL GIORNO DELLA PACE. CUBA, DENUNCIA E MUTAMENTO. PRAGLIA, DIRITTI DELLO UOMO NELLA SOCIET&#xC0; E NELLA CHIESA. CONFERENZA NAZIONALE EMIGRAZIONE. </subfield>
  </datafield>
  <datafield tag="650" ind1=" " ind2=" ">
    <subfield code="a">ECCLESIOLOGIA</subfield>
  </datafield>
  <datafield tag="942" ind1=" " ind2=" ">
    <subfield code="c">CR</subfield>
  </datafield>
  <datafield tag="957" ind1=" " ind2=" ">
    <subfield code="7">1</subfield>
  </datafield>
  <datafield tag="999" ind1=" " ind2=" ">
    <subfield code="a">46416</subfield>
    <subfield code="b">NO</subfield>
    <subfield code="g">1</subfield>
    <subfield code="c">323255</subfield>
    <subfield code="d">323255</subfield>
  </datafield>
  <datafield tag="952" ind1=" " ind2=" ">
    <subfield code="0">0</subfield>
    <subfield code="1">0</subfield>
    <subfield code="4">0</subfield>
    <subfield code="6">R_262R4809</subfield>
    <subfield code="7">1</subfield>
    <subfield code="a">ALBA</subfield>
    <subfield code="b">ALBA</subfield>
    <subfield code="d">2017-01-16</subfield>
    <subfield code="l">0</subfield>
    <subfield code="o">R262-R4809</subfield>
    <subfield code="r">2017-01-16 00:00:00</subfield>
    <subfield code="w">2017-01-16</subfield>
    <subfield code="y">CR</subfield>
    <subfield code="z">(data import: 16 gennaio 2017) - By Epidotti, Vaglietti. </subfield>
  </datafield>
</record>
